Top10 jeunes joueurs à marquer coupe du monde ⚽️ - Statistiques

Statistiques générales
  • Ce quiz a été pris 66 fois
  • Le résultat moyen est 2 sur 10
Statistiques - réponses
Hint Réponse % Correct
1️⃣ Brésil / 17 ans Pelé
84%
7️⃣ Argentine / 18 ans Lionel Messi
63%
3️⃣ Espagne / 18 ans Gavi
11%
4️⃣ Angleterre / 18 ans Michael Owen
10%
8️⃣ Yougoslavie / 18 ans Aleksander Tirnanic
0%
6️⃣ Russie / 18 ans Dimitri Sychev
0%
1️⃣0️⃣ Belgique / 19 ans Divock Origi
0%
9️⃣ États Unis / 19 ans Julian Green
0%
2️⃣ Mexique / 18 ans Manuel Rosas
0%
5️⃣ Roumanie / 18 ans Nicolae Kovacs
0%
Aucun quiz correspondant
Distribution des résultats
% des personnes avec chaque résultat
Percentile par nombre de réponses
Votre historique - résultats
Vous n’avez pas pris ce quiz